MARC

LEADER 00000nam0a2200000 4500
001 23580
005 20231030195819.0
010 |a 5200003857 
035 |a (RuTPU)RU\TPU\book\23800 
035 |a BOOK00023873 
090 |a 23580 
100 |a 20011209d1988 km y0rusy50 ca 
101 0 |a cze  |a rus 
102 |a RU  |a CZ 
105 |a y e 000zy 
200 1 |a Русско-чешский словарь по вычислительной технике  |d Rusko-cesky slovnik vypocetni  |e Около 30 000 терминов и терминол. сочетаний  |f А. И. Журавлев, А. П. Артюхов, А. П. Заморин  |g под ред. М. Кржижа ; А. П. Пронина 
210 |a Москва  |c Русский язык  |a Прага  |c СНТЛ-Издательство технической литературы  |d 1988 
215 |a 440 с. 
510 1 |a Rusko-cesky slovnik vypocetni 
610 1 |a чешский язык 
610 1 |a словари 
610 1 |a терминологические словари 
610 1 |a вычислительная техника 
610 1 |a программирование 
675 |a 681.3(03)  |v 3 
686 |a Ш141.5  |v LBC/SL-A  |2 rubbk 
701 1 |a Журавлев  |b А. И.  |g Алексей Иванович 
701 1 |a Артюхов  |b А. П.  |g Анатолий Петрович 
701 1 |a Заморин  |b А. П.  |g Анатолий Петрович 
702 1 |a Кржиж  |b М.  |4 340 
702 1 |a Пронин  |b А. П.  |4 340 
801 0 |a RU  |b 63413507  |c 20011209  |g PSBO 
801 2 |a RU  |b 63413507  |c 20081024  |g PSBO 
942 |c BK